| 000 | 01213nam a22002897a 4500 | ||
|---|---|---|---|
| 003 | EG-ScBUE | ||
| 005 | 20211109142556.0 | ||
| 008 | 211109s2016 ua a f b 000 0 ara d | ||
| 020 | _a9789770528464 | ||
| 040 |
_aEG-ScBUE _bara _erda _cEG-ScBUE _dEG-ScBUE |
||
| 082 | 0 | 4 |
_a724.8 _bج و ا _222 |
| 100 | 1 |
_aعبد الجواد، محمد توفيق، _eمؤلف. |
|
| 245 | 1 | 2 |
_aالعمارة من الوظيفية إلى التفكيكية = _bArchitecture from functionalism to deconstructivism / _cأ. د. محمد توفيق عبد الجواد. |
| 246 | 3 | 1 | _aArchitecture from functionalism to deconstructivism |
| 250 | _aالطبعة الثانية. | ||
| 264 | 1 |
_aالقاهرة : _bمكتبة الأنجلو المصرية، _c2016. |
|
| 300 |
_a218 صفحة : _bإيضاحيات ؛ _c24 سم |
||
| 336 |
_2rdacontent _aنص _btxt |
||
| 337 |
_2rdamedia _aبدون وسيط _bn |
||
| 338 |
_2rdacarrier _aمجلد _bnc |
||
| 504 | _aيشتمل على إرجاعات ببليوجرافية. | ||
| 541 |
_cDonation ; _aFaculty of Arts and Design BUE |
||
| 650 | 7 |
_aالعمارة الحديثة _yقرن 21. |
|
| 653 |
_bENGARC _cNovember2021 |
||
| 655 |
_vReading book _934232 |
||
| 942 | _2ddc | ||
| 999 |
_c29669 _d29640 |
||